Gaming Quiz

Random Gaming or Video Games Quiz
Score 0/108 Timer 12:00
0 Plays Today
Star Character % Correct
TensyoHugo
98.9%
TenbiChris Lightfellow
98.5%
TenjyuGeddoe
97.4%
TenkaiThomas
97.1%
TensonQueen
97%
TenkoSergeant Joe
96.7%
TenkanLuc
96.7%
TenheiAce
96.5%
ChisyuPercival Fraulein
96.1%
ChitaiJoker
95.9%
TenyuYuber
94.1%
ChimouBorus Redrum
93.6%
ChizenSarah
93.5%
ChisinJacques
93.1%
TeniLucia
92.9%
TenkuFubar
92.8%
ChisyuLeo Gallen
91.4%
ChibiFutch
90.9%
ChikaiAlbert Silverberg
90.6%
TeniAila
90.3%
TenkiSalome Harras
90.2%
TentaiCecile
90.2%
ChickyouBright
89.5%
ChibinViki
89.5%
ChiinRoland Lesaurus
89.3%
ChiketsuJeane
88.9%
ChikuMel
88.1%
TenkiCaesar Silverberg
87.4%
TenrouFranz
87%
ChifukuApple
86.7%
TenfuJimba
86.3%
TenmanJuan
85.9%
TensokuNash Latkje
85.8%
TengouSasarai
85.2%
ChikyuLilly Pendragon
85.1%
TensyoYun
84.9%
Star Character % Correct
ChisyuLouis Keeferson
84.4%
ChikenPiccolo
84.2%
ChireiWatari
84.1%
ChiheiRuby
83.8%
ChizenMartha
83.7%
TenzaiAlanis
83.4%
ChiyuKidd
83.4%
TenyuYumi
83.1%
TeneiYuiri
82.8%
TenyuDupa
82.6%
ChisokuViki (Child)
82.3%
TenkenMelville
82.2%
ChikyouAyame
82.2%
ChiiSharon
82.2%
ChihiSebastian
82%
ChiakuEmily
81.9%
TenmouShiba
81.5%
ChiiFred Maximillian
81.1%
TenritsuBazba
81.1%
ChikatsuDuke
81.1%
TensuiIku
80.6%
TenanEdge
80.4%
ChiyuShabon
80.2%
ChiinLuce
80.2%
ChisyuBilly
80.1%
ChisuiEike
79.8%
ChitanWilder
79.7%
ChigakuNei
79.4%
ChiyuSamus
79.4%
ChikakuRhett
79.4%
ChiheiNadir
79.3%
TenkyuEstella
79.1%
ChichinAugustine Nabor
78.8%
ChijikuBeecham
78.7%
ChisyunGadget Z
78.4%
ChikaiGau
78.4%
Star Character % Correct
TenhaiElliot
78.3%
ChisaReed
78.3%
ChikeiBelle
78.1%
ChikeiSanae Yamamoto
78.1%
ChianToppo
77.9%
ChisatsuMua
77.9%
ChimouRody
77.7%
ChisatsuKathy
77.6%
ChimeiElaine
77.5%
ChizokuGuillaume
77.2%
TensatsuHallec
76.9%
ChidoLandis
76.6%
ChikouGordon
76.3%
ChisonMuto
76.2%
TenkouDios
75.9%
ChisouAnne
75.8%
ChimaKoroku
74.7%
ChisuMike
74.7%
ChiriNicolas
74.7%
ChieiRico
74.6%
ChijyuTuta
74.3%
ChihiKenji
73.7%
ChikoPeggi
73.3%
TenkokuErnie
72.5%
TenbouScott
71.9%
ChitouBarts
71.8%
ChiretsuGoro
71.4%
ChibunTwaikin
70.8%
ChiyouArthur
70.5%
ChisouShizu
70%
ChimanWan-Fu
69.6%
ChireiMio
69.4%
ChizouMamie
69.3%
ChibouJefferson
68.7%
ChikouHortez VII
68.3%
ChiyuDominic
67.6%

You're not logged in!

Compare scores with friends on all Sporcle quizzes.
OR
Log In

Sporcle TV

Today on Sporcle TV


Watch our educational content, quiz creation guides, and fun videos on Sporcle TV.

Show Comments

Extras

Top Quizzes Today


Score Distribution

Paid Content

Your Account Isn't Verified!

In order to create a playlist on Sporcle, you need to verify the email address you used during registration. Go to your Sporcle Settings to finish the process.

Report this User

Report this user for behavior that violates our Community Guidelines.

Details: